<?xml version="1.0" encoding="UTF-8"?>
<collection xmlns="http://www.loc.gov/MARC21/slim">
 <record>
  <leader>02210cam a2200457   4500</leader>
  <controlfield tag="001">1072871009</controlfield>
  <controlfield tag="003">DE-627</controlfield>
  <controlfield tag="005">20240330190303.0</controlfield>
  <controlfield tag="007">tu</controlfield>
  <controlfield tag="008">850101s1967    xx |||||      00| ||ger c</controlfield>
  <datafield tag="035" ind1=" " ind2=" ">
   <subfield code="a">(DE-627)1072871009</subfield>
  </datafield>
  <datafield tag="035" ind1=" " ind2=" ">
   <subfield code="a">(DE-576)002871009</subfield>
  </datafield>
  <datafield tag="035" ind1=" " ind2=" ">
   <subfield code="a">(DE-599)BSZ002871009</subfield>
  </datafield>
  <datafield tag="035" ind1=" " ind2=" ">
   <subfield code="a">(OCoLC)310523849</subfield>
  </datafield>
  <datafield tag="035" ind1=" " ind2=" ">
   <subfield code="a">(OCoLC)310523849</subfield>
  </datafield>
  <datafield tag="035" ind1=" " ind2=" ">
   <subfield code="a">(OCoLC)1050470813</subfield>
  </datafield>
  <datafield tag="040" ind1=" " ind2=" ">
   <subfield code="a">DE-627</subfield>
   <subfield code="b">ger</subfield>
   <subfield code="c">DE-627</subfield>
   <subfield code="e">rakwb</subfield>
  </datafield>
  <datafield tag="041" ind1=" " ind2=" ">
   <subfield code="a">ger</subfield>
  </datafield>
  <datafield tag="084" ind1=" " ind2=" ">
   <subfield code="a">9,10</subfield>
   <subfield code="a">1</subfield>
   <subfield code="2">ssgn</subfield>
  </datafield>
  <datafield tag="084" ind1=" " ind2=" ">
   <subfield code="a">LF 2460</subfield>
   <subfield code="2">rvk</subfield>
   <subfield code="0">(DE-625)rvk/91381:</subfield>
  </datafield>
  <datafield tag="084" ind1=" " ind2=" ">
   <subfield code="a">LO 87030</subfield>
   <subfield code="2">rvk</subfield>
   <subfield code="0">(DE-625)rvk/104842:</subfield>
  </datafield>
  <datafield tag="100" ind1="1" ind2=" ">
   <subfield code="a">Kähler, Heinz</subfield>
   <subfield code="d">1905-1974</subfield>
   <subfield code="0">(DE-588)138468621</subfield>
   <subfield code="0">(DE-627)602601347</subfield>
   <subfield code="0">(DE-576)307670406</subfield>
   <subfield code="4">aut</subfield>
  </datafield>
  <datafield tag="245" ind1="1" ind2="4">
   <subfield code="a">Die Hagia Sophia</subfield>
   <subfield code="c">Heinz Kähler</subfield>
  </datafield>
  <datafield tag="246" ind1="3" ind2="3">
   <subfield code="a">Die Mosaiken</subfield>
  </datafield>
  <datafield tag="249" ind1=" " ind2=" ">
   <subfield code="a">Mit e. Beitrag von Cyril Mango über die Mosaiken</subfield>
  </datafield>
  <datafield tag="264" ind1=" " ind2="1">
   <subfield code="a">Berlin</subfield>
   <subfield code="b">Mann</subfield>
   <subfield code="c">1967</subfield>
  </datafield>
  <datafield tag="300" ind1=" " ind2=" ">
   <subfield code="a">79 S., 99 Taf.</subfield>
   <subfield code="b">Ill.</subfield>
  </datafield>
  <datafield tag="336" ind1=" " ind2=" ">
   <subfield code="a">Text</subfield>
   <subfield code="b">txt</subfield>
   <subfield code="2">rdacontent</subfield>
  </datafield>
  <datafield tag="337" ind1=" " ind2=" ">
   <subfield code="a">ohne Hilfsmittel zu benutzen</subfield>
   <subfield code="b">n</subfield>
   <subfield code="2">rdamedia</subfield>
  </datafield>
  <datafield tag="338" ind1=" " ind2=" ">
   <subfield code="a">Band</subfield>
   <subfield code="b">nc</subfield>
   <subfield code="2">rdacarrier</subfield>
  </datafield>
  <datafield tag="583" ind1="1" ind2=" ">
   <subfield code="a">Archivierung/Langzeitarchivierung gewährleistet</subfield>
   <subfield code="f">SSG</subfield>
   <subfield code="2">pdager</subfield>
   <subfield code="5">DE-21</subfield>
  </datafield>
  <datafield tag="583" ind1="1" ind2=" ">
   <subfield code="a">Archivierung/Langzeitarchivierung gewährleistet</subfield>
   <subfield code="f">SSG</subfield>
   <subfield code="x">XA-DE-BW</subfield>
   <subfield code="2">pdager</subfield>
   <subfield code="5">DE-16</subfield>
  </datafield>
  <datafield tag="700" ind1="1" ind2=" ">
   <subfield code="a">Mango, Cyril A.</subfield>
   <subfield code="d">1928-2021</subfield>
   <subfield code="0">(DE-588)119307634</subfield>
   <subfield code="0">(DE-627)080114806</subfield>
   <subfield code="0">(DE-576)212002651</subfield>
   <subfield code="4">aut</subfield>
  </datafield>
  <datafield tag="787" ind1="0" ind2="8">
   <subfield code="i">Rezensiert in</subfield>
   <subfield code="a">Müller-Wiener, Wolfgang, 1923 - 1991</subfield>
   <subfield code="t">[Rezension von: Heinz Kähler, Die Hagia Sophia]</subfield>
   <subfield code="d">Kevelaer, Rhld. : Verlag Butzon &amp; Berker, 1969</subfield>
   <subfield code="w">(DE-627)1771333170</subfield>
  </datafield>
  <datafield tag="935" ind1=" " ind2=" ">
   <subfield code="a">mteo</subfield>
  </datafield>
  <datafield tag="935" ind1=" " ind2=" ">
   <subfield code="i">SLoT</subfield>
  </datafield>
  <datafield tag="936" ind1="r" ind2="v">
   <subfield code="a">LF 2460</subfield>
   <subfield code="b">Konstantinopel (Byzanz, Istanbul)</subfield>
   <subfield code="k">Klassische Archäologie</subfield>
   <subfield code="k">Topografie und Grabungspublikationen</subfield>
   <subfield code="k">Ausgrabungspublikationen und topografische Literatur</subfield>
   <subfield code="k">Orte und Landschaften K</subfield>
   <subfield code="k">Konstantinopel (Byzanz, Istanbul)</subfield>
   <subfield code="0">(DE-627)1270643819</subfield>
   <subfield code="0">(DE-625)rvk/91381:</subfield>
   <subfield code="0">(DE-576)200643819</subfield>
  </datafield>
  <datafield tag="936" ind1="r" ind2="v">
   <subfield code="a">LO 87030</subfield>
   <subfield code="b">Istanbul (Konstantinopel)</subfield>
   <subfield code="k">Kunstgeschichte</subfield>
   <subfield code="k">Kunst nach Ländern bzw. Kontinenten</subfield>
   <subfield code="k">Türkei</subfield>
   <subfield code="k">Kunsttopografie der Türkei</subfield>
   <subfield code="k">Alphabetische Liste der türkischen Orte</subfield>
   <subfield code="k">Istanbul (Konstantinopel)</subfield>
   <subfield code="0">(DE-627)1270646435</subfield>
   <subfield code="0">(DE-625)rvk/104842:</subfield>
   <subfield code="0">(DE-576)200646435</subfield>
  </datafield>
  <datafield tag="951" ind1=" " ind2=" ">
   <subfield code="a">BO</subfield>
  </datafield>
  <datafield tag="991" ind1=" " ind2=" ">
   <subfield code="a">Rezensiertes Werk</subfield>
  </datafield>
  <datafield tag="999" ind1=" " ind2=" ">
   <subfield code="a">KXP-PPN1072871009</subfield>
   <subfield code="e">4488559166</subfield>
  </datafield>
 </record>
</collection>
